000 00901nam a2200265 a 4500
001 BRCA_4405
005 20190320204647.0
008 910318s1983 mx-ab####b---f000-0#spa-#
020 _a9681612493
041 _aspa
044 _amx
050 4 _aF1331
_b.S87 1983
100 1 _aSuper, John C.
_911187
245 1 0 _aLa vida en Querétaro durante la colonia
_b1531-1810
_cJohn C. Super ; traducción de Mercedes Pizarro Romero.
260 _aMéxico
_bFCE
_c1983
300 _a294 p.
_bil. mapas, gráficas
_c23 cm.
440 0 _aSección de obras de historia
_911188
500 _aColección Sonia Corcuera de Mancera
504 _aBibliografía: p. 287-291
651 4 _aQuerétaro
_xVida social y costumbres
_y1531-1810
_zMéxico
_911189
651 4 _aQuerétaro
_xCondiciones económicas
_y1531-1810
_911190
700 1 _aPizarro Romero, Mercedes
_etr.
_911191
902 _aDSC
942 _2lcc
_cB
999 _c4115
_d4115